[Event "DEM U16w 2017"]
[Site "Willingen GER"]
[Date "2017.06.04"]
[Round "1"]
[White "Schulze, Lara"]
[Black "Nguyen, Ha Thanh"]
[Result "1-0"]
[Termination "normal"]
[Board "1"]
[WhiteTitle "WFM"]
[WhiteElo "2171"]
[BlackElo "1775"]
[WhiteClock "00:37:44"]
[BlackClock "00:26:21"]
[PlyCount "87"]
[WhiteFideId "12956830"]
[BlackFideId "12942154"]
[EventCountry "GER"]
[EventRounds "9"]
[EventType "swiss"]
[EventDate "2017.06.03"]

1. e4 c5 2. Nf3 Nc6 3. d4 cxd4 4. Nxd4 Nf6 5. Nc3 e5 6. Ndb5 d6 7. Bg5 a6 8.
Na3 b5 9. Nd5 Be7 10. Bxf6 Bxf6 11. c4 b4 12. Nc2 a5 13. g3 O-O 14. Bg2 Bg5 15.
O-O Ne7 16. Nxe7+ Qxe7 17. Qd3 Qc7 18. b3 Qc5 19. Rad1 Ra6 20. h4 Bd8 21. Ne3
Be6 22. Kh2 a4 23. Rd2 axb3 24. axb3 Bc7 25. Bh3 Rfa8 26. Rfd1 Qa7 27. c5 Qxc5
28. Bxe6 fxe6 29. Rc2 Qa7 30. Qc4 Bd8 31. Qxe6+ Qf7 32. Qxf7+ Kxf7 33. Nf5 g6
34. Nxd6+ Ke6 35. Nc4 Bf6 36. Rcd2 Ra1 37. Rd6+ Ke7 38. Rd7+ Kf8 39. R1d6 Bg7
40. Rb6 Re1 41. Rbb7 Bh8 42. Rxh7 Kg8 43. Nd6 Rb1 44. Rh6 1-0

[Event "DEM U16w 2017"]
[Site "Willingen GER"]
[Date "2017.06.04"]
[Round "1"]
[White "Ehmann, Johanna"]
[Black "Mütsch, Annmarie"]
[Result "1/2-1/2"]
[Termination "normal"]
[Board "2"]
[WhiteElo "1777"]
[BlackElo "2124"]
[WhiteClock "00:27:06"]
[BlackClock "00:03:03"]
[PlyCount "119"]
[WhiteFideId "12953130"]
[BlackFideId "12971367"]
[EventCountry "GER"]
[EventRounds "9"]
[EventType "swiss"]
[EventDate "2017.06.03"]

1. e4 e5 2. Nf3 Nc6 3. Bc4 Bc5 4. c3 Nf6 5. d4 exd4 6. cxd4 Bb4+ 7. Bd2 Bxd2+
8. Nbxd2 d5 9. exd5 Nxd5 10. O-O O-O 11. Rc1 Nb6 12. Nb3 Nxc4 13. Rxc4 Be6 14.
Rc5 Bd5 15. Ne5 Ne7 16. Rc3 c6 17. Qh5 g6 18. Qh4 Nf5 19. Qf4 Bxb3 20. Rxb3
Nxd4 21. Re3 Ne6 22. Qb4 Qb6 23. Qh4 Qd8 24. Qb4 Qb6 25. Qh4 Qd4 26. Re4 Qd8
27. Qg3 Ng7 28. Rb4 Rb8 29. Qh3 Nf5 30. Qg4 Qd6 31. Nf3 h5 32. Qc4 b5 33. Qb3
a5 34. Re4 Qd5 35. Qxd5 cxd5 36. Re5 Rfd8 37. Rd1 d4 38. h3 a4 39. g4 hxg4 40.
hxg4 Nh6 41. Rxd4 Rxd4 42. Nxd4 b4 43. g5 Nf5 44. Nxf5 gxf5 45. Rxf5 b3 46. a3
Rc8 47. Rf4 Rc2 48. Rxa4 Rxb2 49. Rb4 Kg7 50. Rb6 Rb1+ 51. Kg2 b2 52. a4 Ra1
53. Rxb2 Rxa4 54. Kg3 f6 55. gxf6+ Kxf6 56. Rb5 Rc4 57. f4 Rc1 58. Kg4 Rg1+ 59.
Kf3 Rf1+ 60. Ke3 1/2-1/2

[Event "DEM U16w 2017"]
[Site "Willingen GER"]
[Date "2017.06.04"]
[Round "1"]
[White "Köhler, Inken"]
[Black "Walow, Xenia"]
[Result "1-0"]
[Termination "normal"]
[Board "3"]
[WhiteElo "1870"]
[BlackElo "1704"]
[WhiteClock "00:03:49"]
[BlackClock "00:02:40"]
[PlyCount "79"]
[WhiteFideId "12929301"]
[BlackFideId "12971839"]
[EventCountry "GER"]
[EventRounds "9"]
[EventType "swiss"]
[EventDate "2017.06.03"]

1. e4 c5 2. Nf3 d6 3. Bb5+ Bd7 4. Bxd7+ Qxd7 5. c4 Nc6 6. d4 cxd4 7. Nxd4 g6 8.
Nc3 Bg7 9. Nde2 Nf6 10. f3 O-O 11. Be3 Rac8 12. Rc1 b6 13. O-O Ne5 14. b3 Nc6
15. Qd2 Rfd8 16. Rfd1 Qb7 17. Qe1 Nd7 18. Nd5 Nde5 19. Qh4 Qd7 20. Nd4 Re8 21.
Nb5 Qb7 22. Bg5 a6 23. Nxe7+ Nxe7 24. Nxd6 Qc7 25. Bxe7 Rxe7 26. Nxc8 Re8 27.
Nd6 Rd8 28. c5 bxc5 29. Nc4 Nd3 30. Rc2 Bd4+ 31. Kf1 Nb4 32. Rcd2 f6 33. Qg3
Qe7 34. Na5 Qd7 35. Nc4 Qe7 36. e5 Nc6 37. exf6 Qxf6 38. Re2 Kg7 39. Qc7+ Kg8
40. Rde1 1-0

[Event "DEM U16w 2017"]
[Site "Willingen GER"]
[Date "2017.06.04"]
[Round "1"]
[White "Kobald, Jacqueline"]
[Black "Poetsch, Leonore"]
[Result "1/2-1/2"]
[Termination "normal"]
[Board "4"]
[WhiteElo "1693"]
[BlackElo "1959"]
[WhiteClock "00:04:13"]
[BlackClock "00:10:16"]
[PlyCount "122"]
[WhiteFideId "12988162"]
[BlackFideId "12940372"]
[EventCountry "GER"]
[EventRounds "9"]
[EventType "swiss"]
[EventDate "2017.06.03"]

1. e4 e6 2. d3 d5 3. Nd2 Nf6 4. Ngf3 Bc5 5. e5 Nfd7 6. d4 Be7 7. Bd3 c5 8. c3
Nc6 9. O-O O-O 10. Re1 Re8 11. Nf1 Nf8 12. Ng3 Bd7 13. a3 a5 14. b3 f6 15. exf6
Bxf6 16. Nh5 Be7 17. Ne5 Nxe5 18. dxe5 Kh8 19. Qg4 g6 20. Bh6 c4 21. Qf4 Kg8
22. Nf6+ Bxf6 23. exf6 Kf7 24. Bg7 cxd3 25. Qh6 e5 26. Bh8 Re6 27. Qg7+ Ke8 28.
Re3 e4 29. h4 Qb6 30. Rb1 Rc8 31. Qg8 Qd6 32. Bg7 Bc6 33. Bxf8 Qxf8 34. Qxe6+
Kd8 35. a4 Kc7 36. Qe5+ Kb6 37. b4 axb4 38. Qd4+ Kc7 39. Rxb4 Qd6 40. f7 Qe7
41. Re1 Qxf7 42. Qe5+ Kd7 43. Rd4 Re8 44. Qg3 Qf5 45. c4 Kc8 46. cxd5 Bxd5 47.
Rc1+ Bc6 48. Qd6 Qe6 49. Qc5 Qe5 50. Qb6 Qc7 51. Qb4 Qf4 52. Qc3 Rf8 53. Qe1
Kb8 54. a5 Qf6 55. Qe3 h6 56. a6 bxa6 57. Rb1+ Ka8 58. Rxe4 Qxf2+ 59. Qxf2 Rxf2
60. Kxf2 Bxe4 61. Ke3 Bxg2 1/2-1/2

[Event "DEM U16w 2017"]
[Site "Willingen GER"]
[Date "2017.06.04"]
[Round "1"]
[White "Weimert, Miriam"]
[Black "Reitz, Theresa"]
[Result "1/2-1/2"]
[Termination "normal"]
[Board "5"]
[WhiteElo "1841"]
[BlackElo "1705"]
[WhiteClock "00:04:39"]
[BlackClock "00:02:46"]
[PlyCount "49"]
[WhiteFideId "12966703"]
[BlackFideId "12971901"]
[EventCountry "GER"]
[EventRounds "9"]
[EventType "swiss"]
[EventDate "2017.06.03"]

1. e4 c5 2. Nc3 a6 3. a4 e6 4. Bc4 Nc6 5. f4 b6 6. Nf3 Bb7 7. O-O Nge7 8. f5
exf5 9. d3 g6 10. Qe1 Nb4 11. Bb3 Bg7 12. exf5 d5 13. Ne5 f6 14. Ng4 c4 15. Ne2
cxb3 16. Qxb4 Nxf5 17. Qxb3 O-O 18. c3 Re8 19. Nf4 Kh8 20. Bd2 Rc8 21. Rae1 Qd6
22. Qd1 Qc6 23. d4 Qd7 24. b3 Nd6 25. Nf2 1/2-1/2

[Event "DEM U16w 2017"]
[Site "Willingen GER"]
[Date "2017.06.04"]
[Round "1"]
[White "Voß, Henrike"]
[Black "Mönster, Madita"]
[Result "0-1"]
[Termination "normal"]
[Board "6"]
[WhiteElo "1620"]
[BlackElo "1762"]
[WhiteClock "00:16:49"]
[BlackClock "00:14:21"]
[PlyCount "62"]
[WhiteFideId "12971910"]
[BlackFideId "12947156"]
[EventCountry "GER"]
[EventRounds "9"]
[EventType "swiss"]
[EventDate "2017.06.03"]

1. e4 c5 2. Nf3 Nc6 3. Bb5 d6 4. O-O Bd7 5. Re1 Nf6 6. c3 a6 7. Bf1 Bg4 8. h3
Bh5 9. d4 cxd4 10. cxd4 e5 11. d5 Nb8 12. Bg5 Be7 13. Nbd2 h6 14. Bxf6 Bxf6 15.
Qb3 b6 16. Rac1 O-O 17. a4 Bxf3 18. gxf3 Bg5 19. Rc2 Bxd2 20. Rd1 Bg5 21. Qa3
Ra7 22. b4 Rc7 23. Rc3 Rxc3 24. Qxc3 Qd7 25. a5 Rc8 26. Qb2 b5 27. Kh2 Qc7 28.
Bd3 Qc3 29. Qb1 Bd2 30. Qa2 Bf4+ 31. Kg2 Qxb4 0-1

[Event "DEM U16w 2017"]
[Site "Willingen GER"]
[Date "2017.06.04"]
[Round "1"]
[White "Ratay, Meike"]
[Black "Kolb, Verena"]
[Result "1-0"]
[Termination "normal"]
[Board "7"]
[WhiteElo "1767"]
[BlackElo "1673"]
[WhiteClock "00:04:05"]
[BlackClock "00:00:34"]
[PlyCount "63"]
[WhiteFideId "12977608"]
[BlackFideId "12992313"]
[EventCountry "GER"]
[EventRounds "9"]
[EventType "swiss"]
[EventDate "2017.06.03"]

1. e4 e6 2. d4 d5 3. e5 c5 4. c3 Nc6 5. Nf3 Qb6 6. a3 a5 7. Bd3 f6 8. exf6 Nxf6
9. O-O Bd6 10. Re1 O-O 11. Ra2 Bd7 12. Ne5 cxd4 13. Nxd7 Nxd7 14. Rxe6 dxc3 15.
bxc3 Qc7 16. Qh5 Nf6 17. Qh3 Ne5 18. Bc2 Neg4 19. Bxh7+ Nxh7 20. Qxg4 Bxh2+ 21.
Kh1 Be5 22. Rc2 Rae8 23. Rxe8 Rxe8 24. f4 Nf6 25. Qf5 Bxf4 26. Bxf4 Re1+ 27.
Kh2 Qc4 28. Nd2 Qe2 29. Qc8+ Kh7 30. Qh3+ Kg8 31. Qf3 Ng4+ 32. Kg3 1-0

[Event "DEM U16w 2017"]
[Site "Willingen GER"]
[Date "2017.06.04"]
[Round "1"]
[White "Cejda, Cecilia"]
[Black "Reinecke, Katharina"]
[Result "0-1"]
[Termination "normal"]
[Board "8"]
[WhiteElo "1755"]
[BlackElo "1911"]
[WhiteClock "00:01:48"]
[BlackClock "00:03:19"]
[PlyCount "56"]
[WhiteFideId "12921122"]
[BlackFideId "12929727"]
[EventCountry "GER"]
[EventRounds "9"]
[EventType "swiss"]
[EventDate "2017.06.03"]

1. e4 c6 2. d4 d5 3. Nc3 dxe4 4. Nxe4 Bf5 5. Ng3 Bg6 6. h4 h6 7. Nf3 e6 8. h5
Bh7 9. Bd3 Bxd3 10. Qxd3 Nf6 11. Ne4 Nxe4 12. Qxe4 Qd5 13. Qe2 Be7 14. Bf4 O-O
15. g4 c5 16. dxc5 Rd8 17. Rg1 Qxc5 18. g5 Qb4+ 19. Bd2 Qxb2 20. Rc1 hxg5 21.
Nxg5 Nc6 22. h6 Bxg5 23. Rxg5 g6 24. Rb5 Qa3 25. Rb3 Qc5 26. Qg4 b6 27. Bc3 Nd4
28. Qh4 Nf3+ 0-1

[Event "DEM U16w 2017"]
[Site "Willingen GER"]
[Date "2017.06.04"]
[Round "1"]
[White "Flach, Helene"]
[Black "Mundt, Alexandra"]
[Result "1/2-1/2"]
[Termination "normal"]
[Board "9"]
[WhiteElo "1870"]
[BlackElo "1391"]
[WhiteClock "00:00:48"]
[BlackClock "00:24:10"]
[PlyCount "78"]
[WhiteFideId "12929735"]
[BlackFideId "16217276"]
[EventCountry "GER"]
[EventRounds "9"]
[EventType "swiss"]
[EventDate "2017.06.03"]

1. e4 e5 2. Nf3 Nc6 3. Bc4 Bc5 4. c3 Nf6 5. d3 a6 6. Bb3 d6 7. Nbd2 Ba7 8. O-O
O-O 9. h3 h6 10. Re1 Re8 11. Nf1 Ne7 12. Ng3 Ng6 13. d4 Bd7 14. Qc2 Qc8 15. Nf5
d5 16. Ng3 dxe4 17. Nd2 exd4 18. Ndxe4 Nxe4 19. Rxe4 Rxe4 20. Qxe4 dxc3 21.
Qxg6 Qf8 22. bxc3 Kh8 23. Bxf7 Qc5 24. Ne4 Qe5 25. Bxh6 Bf5 26. Bxg7+ Qxg7 27.
Qxf5 Rf8 28. Qh5+ Qh7 29. Qxh7+ Kxh7 30. Bh5 b5 31. Rd1 Bb6 32. Bf3 Rf5 33. Kh2
a5 34. Kg3 b4 35. cxb4 axb4 36. Rb1 c5 37. Bg4 Bc7+ 38. Kh4 Bd8+ 39. Kg3 Bc7+
1/2-1/2

[Event "DEM U16w 2017"]
[Site "Willingen GER"]
[Date "2017.06.04"]
[Round "1"]
[White "Lücke, Kristina"]
[Black "Browning, Rebecca"]
[Result "0-1"]
[Termination "normal"]
[Board "10"]
[WhiteElo "1445"]
[BlackElo "1777"]
[WhiteClock "00:01:40"]
[BlackClock "01:03:06"]
[PlyCount "46"]
[WhiteFideId "16201248"]
[BlackFideId "12984027"]
[EventCountry "GER"]
[EventRounds "9"]
[EventType "swiss"]
[EventDate "2017.06.03"]

1. e4 e6 2. Nf3 d5 3. Nc3 c5 4. Bb5+ Nc6 5. exd5 exd5 6. O-O Be7 7. Re1 Be6 8.
d4 Nf6 9. dxc5 O-O 10. Bxc6 bxc6 11. Nd4 Bxc5 12. Nxe6 fxe6 13. Rf1 e5 14. Na4
Bd6 15. f3 Qa5 16. c3 e4 17. fxe4 Nxe4 18. Rxf8+ Rxf8 19. Be3 Qc7 20. g3 Bxg3
21. hxg3 Qxg3+ 22. Kh1 Qh3+ 23. Kg1 Qxe3+ 0-1

[Event "DEM U16w 2017"]
[Site "Willingen GER"]
[Date "2017.06.04"]
[Round "1"]
[White "Könze, Heike"]
[Black "Fricke, Edna Marlene"]
[Result "1-0"]
[Termination "normal"]
[Board "11"]
[WhiteElo "1769"]
[BlackElo "1356"]
[WhiteClock "00:58:10"]
[BlackClock "00:28:23"]
[PlyCount "93"]
[WhiteFideId "12964476"]
[BlackFideId "12988839"]
[EventCountry "GER"]
[EventRounds "9"]
[EventType "swiss"]
[EventDate "2017.06.03"]

1. e4 c5 2. Nf3 Nc6 3. Bb5 g6 4. c3 Qa5 5. Qb3 Bg7 6. Bc4 e6 7. O-O Nge7 8. d3
O-O 9. Be3 d6 10. Nbd2 a6 11. a4 Rd8 12. d4 cxd4 13. cxd4 d5 14. exd5 Nxd5 15.
Bxd5 Qxd5 16. Nc4 Nxd4 17. Nxd4 Bxd4 18. Rad1 e5 19. Qb4 Be6 20. Nb6 Qb3 21.
Qxb3 Bxb3 22. Nxa8 Bxd1 23. Rxd1 Rxa8 24. Bxd4 Rd8 25. Kf1 exd4 26. Ke2 f5 27.
Kd3 Kf7 28. Rc1 b5 29. axb5 axb5 30. Rc7+ Kf6 31. Rxh7 Ke5 32. Rb7 Rd5 33. h4
Kf4 34. Rb6 Kg4 35. g3 Kh5 36. f3 g5 37. Rb8 gxh4 38. Rh8+ Kg5 39. Rxh4 Kf6 40.
Rxd4 Ke5 41. Rxd5+ Kxd5 42. b4 Ke5 43. g4 f4 44. g5 Kf5 45. g6 Kxg6 46. Ke4 Kg5
47. Ke5 1-0

[Event "DEM U16w 2017"]
[Site "Willingen GER"]
[Date "2017.06.04"]
[Round "1"]
[White "Pietsch, Virginia-Atlanta"]
[Black "Manco, Michela"]
[Result "0-1"]
[Termination "normal"]
[Board "12"]
[WhiteElo "1065"]
[BlackElo "1677"]
[WhiteClock "00:23:49"]
[BlackClock "00:08:58"]
[PlyCount "70"]
[WhiteFideId "16235053"]
[BlackFideId "12943908"]
[EventCountry "GER"]
[EventRounds "9"]
[EventType "swiss"]
[EventDate "2017.06.03"]

1. d4 d5 2. c4 e6 3. Nc3 Be7 4. Nf3 Nf6 5. Bg5 h6 6. Bh4 O-O 7. e3 b6 8. Bd3
Bb7 9. O-O Nbd7 10. Qc2 c5 11. cxd5 Nxd5 12. Bxe7 Qxe7 13. Be4 N7f6 14. Bxd5
exd5 15. Rfe1 Rac8 16. Ne5 Rfe8 17. Rac1 Ne4 18. f3 cxd4 19. exd4 Nxc3 20. bxc3
Qa3 21. Qb3 Qa5 22. a3 f6 23. Nd3 Ba6 24. Nb4 Bc4 25. Qb2 Qb5 26. Qf2 a5 27.
Nc2 Bb3 28. Qd2 Qa4 29. Na1 Qxa3 30. Nxb3 Qxb3 31. Rb1 Rxe1+ 32. Qxe1 Qxc3 33.
Qe6+ Kh8 34. Qxd5 Qe3+ 35. Kf1 Qd3+ 0-1

[Event "DEM U16w 2017"]
[Site "Willingen GER"]
[Date "2017.06.04"]
[Round "2"]
[White "Reinecke, Katharina"]
[Black "Schulze, Lara"]
[Result "1/2-1/2"]
[Termination "normal"]
[Board "1"]
[BlackTitle "WFM"]
[WhiteElo "1911"]
[BlackElo "2171"]
[WhiteClock "00:16:11"]
[BlackClock "00:08:32"]
[PlyCount "51"]
[WhiteFideId "12929727"]
[BlackFideId "12956830"]
[EventCountry "GER"]
[EventRounds "9"]
[EventType "swiss"]
[EventDate "2017.06.03"]

1. d4 Nf6 2. c4 e6 3. g3 c5 4. Nf3 cxd4 5. Nxd4 d5 6. Bg2 e5 7. Nc2 d4 8. O-O
Nc6 9. b3 Be7 10. Bb2 O-O 11. Nd2 Qc7 12. e3 Bg4 13. Qc1 Be2 14. Re1 d3 15. Na3
Qa5 16. Nab1 Rad8 17. a3 e4 18. Nc3 Bf3 19. Bxf3 exf3 20. Qd1 Qh5 21. Qxf3 Ng4
22. Qg2 Bf6 23. Rab1 Bxc3 24. Bxc3 f6 25. Rbd1 Rfe8 26. h3 1/2-1/2

[Event "DEM U16w 2017"]
[Site "Willingen GER"]
[Date "2017.06.04"]
[Round "2"]
[White "Browning, Rebecca"]
[Black "Köhler, Inken"]
[Result "0-1"]
[Termination "normal"]
[Board "2"]
[WhiteElo "1777"]
[BlackElo "1870"]
[WhiteClock "00:47:00"]
[BlackClock "00:17:23"]
[PlyCount "98"]
[WhiteFideId "12984027"]
[BlackFideId "12929301"]
[EventCountry "GER"]
[EventRounds "9"]
[EventType "swiss"]
[EventDate "2017.06.03"]

1. e4 c5 2. d4 cxd4 3. c3 d5 4. exd5 Qxd5 5. cxd4 Nc6 6. Nf3 Bg4 7. Nc3 Bxf3 8.
Nxd5 Bxd1 9. Nc7+ Kd8 10. Nxa8 Bh5 11. Be3 e6 12. a3 Nf6 13. Be2 Bxe2 14. Kxe2
Bd6 15. Rhd1 Kd7 16. Nb6+ axb6 17. h3 Nd5 18. Rac1 Ra8 19. g3 Ra4 20. Kd3 g6
21. f4 b5 22. Bf2 b4 23. axb4 Rxb4 24. Rd2 Rb3+ 25. Ke2 Bb4 26. Rdc2 Ba5 27.
Rd1 Nce7 28. Ra1 Bb6 29. Ra8 Nf5 30. g4 Nxd4+ 31. Bxd4 Bxd4 32. f5 gxf5 33.
gxf5 Rxh3 34. fxe6+ fxe6 35. Rf8 Rh2+ 36. Kd3 Nb4+ 37. Kxd4 Nxc2+ 38. Kd3 Nb4+
39. Kc3 Nd5+ 40. Kb3 h5 41. Rf7+ Kc6 42. Rh7 h4 43. Rh6 Kd6 44. Rh7 b6 45. Ka3
h3 46. Rh8 Rh1 47. Kb3 h2 48. Rh5 Nf6 49. Rh8 Ng4 0-1

[Event "DEM U16w 2017"]
[Site "Willingen GER"]
[Date "2017.06.04"]
[Round "2"]
[White "Mönster, Madita"]
[Black "Könze, Heike"]
[Result "1/2-1/2"]
[Termination "normal"]
[Board "3"]
[WhiteElo "1762"]
[BlackElo "1769"]
[WhiteClock "00:07:38"]
[BlackClock "00:52:14"]
[PlyCount "66"]
[WhiteFideId "12947156"]
[BlackFideId "12964476"]
[EventCountry "GER"]
[EventRounds "9"]
[EventType "swiss"]
[EventDate "2017.06.03"]

1. e4 c5 2. Nf3 d6 3. d4 cxd4 4. Nxd4 Nf6 5. Nc3 a6 6. f3 e5 7. Nb3 Be7 8. Be3
Be6 9. Be2 Nbd7 10. O-O O-O 11. Qd2 Rc8 12. Rad1 Qc7 13. f4 exf4 14. Bxf4 Ne5
15. Bg5 Rfd8 16. Kh1 b5 17. Bd3 b4 18. Ne2 Nc4 19. Qc1 Ng4 20. Bxe7 Qxe7 21.
Rf3 Qh4 22. Qf4 g5 23. Qg3 Qxg3 24. Nxg3 Nce5 25. Rff1 Ne3 26. Nd4 Nxd1 27.
Rxd1 Bc4 28. Ngf5 Rd7 29. Bxc4 Nxc4 30. b3 Na3 31. Ne3 Kf8 32. Nd5 Rb7 33. Rf1
h6 1/2-1/2

[Event "DEM U16w 2017"]
[Site "Willingen GER"]
[Date "2017.06.04"]
[Round "2"]
[White "Manco, Michela"]
[Black "Ratay, Meike"]
[Result "1-0"]
[Termination "normal"]
[Board "4"]
[WhiteElo "1677"]
[BlackElo "1767"]
[WhiteClock "00:04:31"]
[BlackClock "00:00:31"]
[PlyCount "67"]
[WhiteFideId "12943908"]
[BlackFideId "12977608"]
[EventCountry "GER"]
[EventRounds "9"]
[EventType "swiss"]
[EventDate "2017.06.03"]

1. e4 e5 2. d4 exd4 3. Qxd4 Nc6 4. Qe3 d6 5. Bd2 Nf6 6. Nc3 Be6 7. O-O-O Qd7 8.
Nd5 Be7 9. Bc4 O-O-O 10. f4 Kb8 11. Bc3 Rde8 12. Bb5 a6 13. Ba4 Bd8 14. Qd3 Ng4
15. Bd4 f5 16. h3 fxe4 17. Qxe4 Nh6 18. Qf3 b5 19. Bb3 Nxd4 20. Rxd4 c5 21. Re4
c4 22. Bxc4 bxc4 23. Rxc4 a5 24. Rc3 Bxd5 25. Qxd5 Bb6 26. Nf3 Rc8 27. Ne5 Qb7
28. Qxd6+ Bc7 29. Qd7 Ka8 30. Qxg7 Nf5 31. Qd7 Ng3 32. Re1 Ne4 33. Rb3 Qa6 34.
Qd5+ 1-0

[Event "DEM U16w 2017"]
[Site "Willingen GER"]
[Date "2017.06.04"]
[Round "2"]
[White "Mütsch, Annmarie"]
[Black "Kobald, Jacqueline"]
[Result "1-0"]
[Termination "normal"]
[Board "5"]
[WhiteElo "2124"]
[BlackElo "1693"]
[WhiteClock "00:03:13"]
[BlackClock "00:04:36"]
[PlyCount "51"]
[WhiteFideId "12971367"]
[BlackFideId "12988162"]
[EventCountry "GER"]
[EventRounds "9"]
[EventType "swiss"]
[EventDate "2017.06.03"]

1. e4 c5 2. Nf3 e6 3. d4 cxd4 4. Nxd4 a6 5. Bd3 Qc7 6. Nc3 Nf6 7. O-O Bc5 8.
Nb3 Be7 9. f4 d6 10. Qe2 O-O 11. a4 Nc6 12. Bd2 b6 13. Rae1 e5 14. Nd5 Qd8 15.
Be3 Nxd5 16. exd5 Nb4 17. Bd2 Nxd3 18. Qxd3 Bf6 19. f5 g6 20. Bh6 Bxf5 21. Rxf5
gxf5 22. Bxf8 Qxf8 23. Qxf5 Qh6 24. Rf1 Kg7 25. Rf3 Rf8 26. Rh3 1-0

[Event "DEM U16w 2017"]
[Site "Willingen GER"]
[Date "2017.06.04"]
[Round "2"]
[White "Poetsch, Leonore"]
[Black "Ehmann, Johanna"]
[Result "1-0"]
[Termination "normal"]
[Board "6"]
[WhiteElo "1959"]
[BlackElo "1777"]
[WhiteClock "01:04:05"]
[BlackClock "00:47:09"]
[PlyCount "59"]
[WhiteFideId "12940372"]
[BlackFideId "12953130"]
[EventCountry "GER"]
[EventRounds "9"]
[EventType "swiss"]
[EventDate "2017.06.03"]

1. e4 e5 2. Nf3 Nc6 3. Bc4 Bc5 4. b4 Bb6 5. c3 d6 6. a4 a6 7. O-O Nf6 8. d3 h6
9. h3 O-O 10. Be3 Ba7 11. Nbd2 Ne7 12. Bxa7 Rxa7 13. d4 Ng6 14. Qc2 c6 15. Rfd1
Qc7 16. dxe5 dxe5 17. a5 Ra8 18. Nb3 Bd7 19. Nc5 Rad8 20. Rd2 Bc8 21. Rad1 Nh5
22. Qb3 Rxd2 23. Rxd2 Kh7 24. Qd1 Re8 25. Nd7 Re7 26. Nb6 Nf6 27. Rd8 Bd7 28.
Nxd7 Nxd7 29. Ng5+ hxg5 30. Qh5# 1-0

[Event "DEM U16w 2017"]
[Site "Willingen GER"]
[Date "2017.06.04"]
[Round "2"]
[White "Mundt, Alexandra"]
[Black "Weimert, Miriam"]
[Result "1-0"]
[Termination "normal"]
[Board "7"]
[WhiteElo "1391"]
[BlackElo "1841"]
[WhiteClock "00:04:05"]
[BlackClock "00:05:00"]
[PlyCount "63"]
[WhiteFideId "16217276"]
[BlackFideId "12966703"]
[EventCountry "GER"]
[EventRounds "9"]
[EventType "swiss"]
[EventDate "2017.06.03"]

1. e4 c5 2. Nf3 e6 3. d4 cxd4 4. Nxd4 a6 5. c4 b6 6. a3 Bb7 7. Nc3 d6 8. Be3
Nf6 9. Bd3 Nbd7 10. Qa4 Qc7 11. f3 Be7 12. Be2 O-O 13. O-O Nc5 14. Qd1 Rfe8 15.
Rc1 Rac8 16. Qe1 Qb8 17. Qg3 Qa8 18. Rfd1 Bf8 19. Bg5 Ncd7 20. Nc2 Kh8 21. Bxf6
gxf6 22. Qh4 Be7 23. Qh5 Ne5 24. Ne3 Rg8 25. Kh1 f5 26. exf5 Bg5 27. fxe6 Bxe3
28. exf7 Rgf8 29. Rxd6 Nxf7 30. Bd3 h6 31. Rd7 Rc5 32. Qg6 1-0

[Event "DEM U16w 2017"]
[Site "Willingen GER"]
[Date "2017.06.04"]
[Round "2"]
[White "Reitz, Theresa"]
[Black "Flach, Helene"]
[Result "1/2-1/2"]
[Termination "normal"]
[Board "8"]
[WhiteElo "1705"]
[BlackElo "1870"]
[WhiteClock "00:12:44"]
[BlackClock "00:07:19"]
[PlyCount "70"]
[WhiteFideId "12971901"]
[BlackFideId "12929735"]
[EventCountry "GER"]
[EventRounds "9"]
[EventType "swiss"]
[EventDate "2017.06.03"]

1. e4 c5 2. Nc3 e6 3. f4 a6 4. Be2 b5 5. Bf3 Bb7 6. d3 d6 7. Nge2 Nc6 8. O-O
Qc7 9. Kh1 Nf6 10. Ng3 Be7 11. Be3 O-O 12. f5 Rac8 13. Bg5 Ne5 14. Bxf6 Bxf6
15. Bg4 Qe7 16. Nh5 Rcd8 17. Nxf6+ gxf6 18. Bh3 Kh8 19. Qh5 Rg8 20. Rf4 Rg5 21.
Qh6 Rdg8 22. Raf1 Nd7 23. Ne2 d5 24. Ng3 dxe4 25. Rh4 Nf8 26. Nxe4 Bxe4 27.
Rxe4 e5 28. Qh4 Nd7 29. Qf2 Nb8 30. g3 Nc6 31. c3 Qd6 32. Rd1 Rd8 33. Bg2 Ne7
34. Bh3 Nc6 35. Bg2 Ne7 1/2-1/2

[Event "DEM U16w 2017"]
[Site "Willingen GER"]
[Date "2017.06.04"]
[Round "2"]
[White "Nguyen, Ha Thanh"]
[Black "Cejda, Cecilia"]
[Result "1-0"]
[Termination "normal"]
[Board "9"]
[WhiteElo "1775"]
[BlackElo "1755"]
[WhiteClock "00:05:20"]
[BlackClock "00:03:17"]
[PlyCount "55"]
[WhiteFideId "12942154"]
[BlackFideId "12921122"]
[EventCountry "GER"]
[EventRounds "9"]
[EventType "swiss"]
[EventDate "2017.06.03"]

1. e4 c5 2. Nf3 d6 3. d4 cxd4 4. Nxd4 Nf6 5. Nc3 a6 6. f3 e6 7. Be3 b5 8. Qd2
Bb7 9. g4 Nfd7 10. h4 Nb6 11. Bd3 N8d7 12. a4 bxa4 13. Nxa4 Nxa4 14. Rxa4 Nc5
15. Ra1 Be7 16. Bf2 O-O 17. g5 Qd7 18. O-O f6 19. Bc4 d5 20. exd5 Bxd5 21. Bxd5
Qxd5 22. b4 Nd7 23. Ra5 Qd6 24. c3 Ne5 25. Qa2 Rfc8 26. Nxe6 Nxf3+ 27. Kg2 Rxc3
28. Nd8+ 1-0

[Event "DEM U16w 2017"]
[Site "Willingen GER"]
[Date "2017.06.04"]
[Round "2"]
[White "Walow, Xenia"]
[Black "Lücke, Kristina"]
[Result "1-0"]
[Termination "normal"]
[Board "10"]
[WhiteElo "1704"]
[BlackElo "1445"]
[WhiteClock "00:34:06"]
[BlackClock "00:00:38"]
[PlyCount "59"]
[WhiteFideId "12971839"]
[BlackFideId "16201248"]
[EventCountry "GER"]
[EventRounds "9"]
[EventType "swiss"]
[EventDate "2017.06.03"]

1. d4 Nf6 2. Bf4 g6 3. e3 Bg7 4. Nf3 O-O 5. Be2 d6 6. O-O Nbd7 7. h3 c5 8. c4
b6 9. Nc3 Bb7 10. d5 Re8 11. Bh2 h6 12. Qd3 Nf8 13. Rad1 g5 14. Kh1 Ng6 15. Qc2
g4 16. hxg4 Nxg4 17. Bg3 e6 18. dxe6 Rxe6 19. Nb5 Be5 20. Nxe5 N6xe5 21. Bxg4
Nxg4 22. Nxd6 Qe7 23. Qf5 Rg6 24. Nxb7 Rg5 25. Rd7 Qf8 26. Qf3 Qg7 27. Rfd1 Rg6
28. Nd6 Rf6 29. Qxa8+ Kh7 30. Ne8 1-0